Kis francia forradalom

Bibliographic Details
Main Author: Jarábik, Balázs, 1972- (Author)
Format: Article
Language:Hungarian
Subjects:

MARC

LEADER 00000nab a2200000 ar4500
001 vtls008960806
003 SK-MaSNL
005 20260303065219.0
008 060628c20060404xo |||||||| 000 b|hun
015 |a SNBRB2006/06  |2 snkbucl 
038 |a SNKBUCL 
040 |a DSZK  |b slo  |c DSZK  |e AACR2 
041 0 |a hun 
044 |a xo  |c SK 
080 |a 821.511.141 (437.6)-9=511.141  |2 1997 
100 1 |a Jarábik, Balázs,  |d 1972-  |4 aut  |9 325510 
245 1 0 |a Kis francia forradalom  |c Jarábik Balázs 
650 0 7 |a publicistické glosy, maďarské  |2 snkbucl  |9 73730 
773 0 |t Új szó  |g Évf. 59, sz. 79 (4.4.2006), o. 7 
852 |a SNK  |b KIS3GCP 
852 |a DSZK  |b KIS3GCP 
958 |a HU 
958 |a SK 
958 |a LX 
999 |c 1750310  |d 1752240